Fish feed technology : lectures presented at the FAO/UNDP training course in fish feed technology, held at the College of Fisheries, University of Washington, Seattle, Washington, U.S.A., 9 October-15 December 1978.

Bibliographic Details
Corporate Authors: United Nations Development Programme, Food and Agriculture Organization of the United Nations, Aquaculture Development and Coordination Programme
Format: Book
Language:English
Published: Rome : United Nations Development Programme, Food and Agriculture Organization of the United Nations, 1980.
Series:ADCP/Rep ; 80/11
Subjects:

MARC

Tag First Indicator Second Indicator Subfields
LEADER 00000cam a2200000 a 4500
001 in00000086017
005 20151008064419.0
008 810220s1980 it a b i00000 eng d
020 |a 9251009015 
035 |a (OCoLC)07143351 
035 |9 AAK4126AM 
040 |a WAU  |c WAU  |d TXA  |d UtOrBLW 
049 |a TXAM  |c [1655286] 
090 |a SH156  |b .F57 
245 0 0 |a Fish feed technology :  |b lectures presented at the FAO/UNDP training course in fish feed technology, held at the College of Fisheries, University of Washington, Seattle, Washington, U.S.A., 9 October-15 December 1978. 
264 1 |a Rome :  |b United Nations Development Programme, Food and Agriculture Organization of the United Nations,  |c 1980. 
300 |a v, 395 pages :  |b illustrations ;  |c 28 cm. 
336 |a text  |b txt  |2 rdacontent 
337 |a unmediated  |b n  |2 rdamedia 
338 |a volume  |b nc  |2 rdacarrier 
490 0 |a ADCP/Rep ;  |v 80/11 
500 |a At head of title: Aquaculture Developmnet and Coordination Programme. 
504 |a Includes bibliographical references. 
650 0 |a Fishes  |x Feeding and feeds. 
710 2 |a United Nations Development Programme. 
710 2 |a Food and Agriculture Organization of the United Nations. 
710 2 |a Aquaculture Development and Coordination Programme. 
999 |a MARS 
999 f f |s e6849baf-4d5e-3894-a78b-6ed950a7b233  |i ac4d1c81-727f-3cd6-8d06-b8c0a5b12cef  |t 0 
952 f f |p ric  |a Texas A&M University  |b Rellis Campus  |c Joint Library Facility  |d Remote Storage  |t 0  |e SH156 .F57  |h Library of Congress classification  |i unmediated -- volume  |m A14806238933 
998 f f |a SH156 .F57  |t 0  |l Remote Storage